000 00987cam a2200277 i 4500
001 18651234
005 20180723160633.0
008 150609s2015 vtu b 001 0 eng
010 _a 2015022882
020 _a9781594735868
020 _z9781594736131
040 _aDLC
_beng
_cDLC
_erda
_dDLC
042 _apcc
100 1 _aHernandez, Wil.
245 1 0 _aMere spirituality :
_bthe spiritual life according to Henri Nouwen /
_cWil Hernandez, PhD, Obl. OSB ; foreword by Ronald Rolheiser, author of the Holy Longing.
260 _aWoodstock, Vermont :
_bChristian Journeys/from SkyLight Paths Publishing,
_c2015.
300 _axxvii, 121 pages ;
_c23 cm
336 _atext
_btxt
_2rdacontent
337 _aunmediated
_bn
_2rdamedia
338 _avolume
_bnc
_2rdacarrier
504 _aIncludes bibliographical references and index.
600 1 0 _aNouwen, Henri J. M.
650 0 _aSpirituality
_xCatholic Church.
650 0 _aSpiritual life
_xCatholic Church.
942 _2lcc
_cBK
999 _c42630
_d42630